000 00712nam a22001817a 4500
003 UA-OsUOA
001 15045
007 ta
008 20031029b un ||||| |||| 00| 0 ukr d
100 _aДраганчук М.
942 _cSA
040 _aUA-OsUOA
_cUA-OsUOA
_dUA-OsUOA
245 _aРайський куточок Катеринівки: [В с. Катеринівка Сарнен. р-ну відбулося урочисте відкриття нового загальноосвіт. навч. закл. І ступеня]
300 _aС.1
955 _a0
773 0 _w0
_tСарненські новини
_dСарни
_d2003
_g№85/ 2 верес./
650 7 _aКраєзнавча робота
_2UDC
999 _c301210
_d301210